| 000 | 01087nam a2200277 i 4500 | ||
|---|---|---|---|
| 001 | 125230 | ||
| 003 | ES-MaACL | ||
| 005 | 20250825062603.0 | ||
| 007 | t| | ||
| 008 | 070508s1926 sp |||| | spa d | ||
| 080 | _a821.134.2-23"19" | ||
| 100 | 1 |
_aMartínez Sierra, Gregorio, _d1881-1947 _978429 |
|
| 245 | 1 | 0 |
_aMadame Pepita : _bcomedia en tres actos / _cG. Martínez Sierra. |
| 260 |
_aMadrid : _bPrensa Moderna, _c1926. |
||
| 300 |
_a88 p. ; _c17 cm. |
||
| 490 | 1 |
_aEl teatro moderno ; _v40 |
|
| 530 | _aDisponible en formato digital. | ||
| 594 | _aObra en colaboración entre Gregorio Martínez Sierra y María Lejárraga (María Martínez Sierra) | ||
| 594 | _aEstrenada en el Teatro de la Comedia de Madrid, el 20 de diciembre de 1912. | ||
| 700 | 1 |
_aMartínez Sierra, María, _d1874-1974 _978430 |
|
| 830 | 1 | 3 |
_aEl teatro moderno (Prensa Moderna) _v40 _9182365 |
| 852 | 4 |
_aES-MaACL _j2228-F-3 _cDEPOF _zRevisado enlace: 03 de Mayo de 2025 |
|
| 856 | 4 |
_uhttps://archive.org/details/madamepepitacome3434mart _yInternet Archive |
|
| 942 | _2udc | ||
| 999 |
_c125230 _d125230 |
||